000 00497nam a2200181Ia 4500
005 20250923144239.0
008 008 250917s9999 xx 000 0 eng d
037 _aTextual
040 _aDSWL
_beng
_cDSWL
041 _aeng
_2eng
084 _aT:Y1:7
_qDSWL
100 _aHopking, L.T
_9822802
245 0 _aInternation to meaning and application
_cby L.T Hopking
260 _aNew York
_c1937
300 _a315 p.
942 _cTEXL
_hT:Y1:7
999 _c1436549
_d1436549